| 000 | 01156nam0a22003251 4500 | ||
|---|---|---|---|
| 001 | RU\NLR\INFOCOMM_195\5000055049 | ||
| 005 | 20250613093631.0 | ||
| 035 | _a(NLR Aleph) 009214061 | ||
| 090 |
_a8766544 _c8766544 |
||
| 100 | _a20100520d1986 |||y0rusy50 ca | ||
| 101 | 0 | _apor | |
| 102 | _aRU | ||
| 105 | _aa ||||000|y | ||
| 200 | 1 |
_aComplexo militar industrial _eObjectivos, interesses, estrutura _f[Aut.: Ievgueni Bugrov, dr em economia (resp. pela red. ci.), Pavel Ivanov, Aleksei Nikoline et al.] |
|
| 210 |
_aΜ. _cTempos novos _d1986 |
||
| 215 |
_a32 с. _cил., портр. _d28 см |
||
| 311 | _aSupl. do sem. sov. "Tempos novos" | ||
| 422 | 0 |
_12001#$aTempos novos _tTempos novos |
|
| 606 |
_aВоенно-промышленный комплекс _2nlr_sh1 |
||
| 686 |
_aТ3(0)63-098 _2rubbk |
||
| 686 |
_aТ3(0)63-604 _2rubbk |
||
| 701 | 1 |
_9z01790 _aBugrov _bE. V. _gEvgenij Vladimirovič _4070 |
|
| 701 | 1 |
_aIvanov _bP. _gPavel _4070 |
|
| 701 | 1 |
_aNikoline _bA. _gAleksei _4070 |
|
| 790 | 1 |
_9z01701 _aBugrov _bI. _gIevgueni _4070 |
|
| 801 | 1 |
_aRU _bNLR _c20100520 |
|
| 801 | 0 |
_aRU _bNLR _gPSBO |
|
| 852 |
_aNLR _jИ25 Д-8/115 |
||
| 942 | _cBOOK | ||
| 980 | _aNB | ||